00338nam a22001337a 4500020000600000082001700006100002400023245002800047260001200075300001600087500002000103650003800123700004300161 a- a621.3822 MCC aMcClellan, James H. aSignal Processing First a-b-c- axxi, 489 p. aIncludes index. a1. Signal processing--Mathematics aSchaffer, Ronald W. and Yoder, Mark A.